Los delitos contra el honor (Registro nro. 2893)

Detalles MARC
000 -Cabecera
Campo de control de longitud fija 00749aam a2200277 4500
005 - Fecha y hora de la última transacción
Campo de control 20260317172119.0
008 - Elementos de longitud fija--Información general
Campo de control de longitud fija 150617b2012 xxu||||| |||| 00| 0 spa d
020 ## - International Standard Book Number
Número Internacional Estándar del Libro (ISBN) 9789977311920
041 ## - Idioma
Código de idioma Español
082 ## - Clasificación Decimal Dewey
Número de clasificación 364.156 F194d
100 ## - Entrada principal--Autor personal
Nombre personal Fallas Santana, Ana Emilia
9 (RLIN) 24635
100 ## - Entrada principal--Autor personal
Nombre personal Segura Bonilla, Rafael
9 (RLIN) 24636
100 ## - Entrada principal--Autor personal
Nombre personal Thuel Aguilar, Gabriela
9 (RLIN) 24637
245 ## - Título propiamente dicho
Título Los delitos contra el honor
260 ## - Pie de imprenta
Lugar de publicación, distribución, etc. Costa Rica
260 ## - Pie de imprenta
Nombre del editor, distribuidor, etc. Juricentro
260 ## - Pie de imprenta
Fecha de publicación, distribución, etc. 2012
300 ## - Descripción física
Extensión 136 páginas
490 ## - Serie
Título de la Serie Investigación Criminal
650 ## - Materia general
Temática (materia general) DERECHO PENAL
650 ## - Materia general
Temática (materia general) DELITOS CONTRA EL HONOR
650 ## - Materia general
Temática (materia general) BIEN JURÍDICO TUTELAR
650 ## - Materia general
Temática (materia general) TEORÍA DE LOS ANIMUS
650 ## - Materia general
Temática (materia general) TIPOS PENALES
942 ## - Punto de acceso adicional KOHA
Tipo de ítem KOHA Libro
Fuente del sistema de clasificación o colocación Dewey Decimal Classification
Existencias
Signatura completa Código de barras Programa Académico Tipo de ítem
364.156 F194d 16338 Investigación Criminal Libro